00889cam a2200241 a 4500001001000000003000900010005001700019008004100036020001500077035002300092040002600115082001000141100003900151245007400190260005600264300002100320490006400341500004300405500004800448504004400496600004300540830006400583000006937DO-SdBNP20251030132127.0990517s1998 ve b 001 0dspa d a9802229121 a(OCoLC)ocm41377878 aDO-SdBNPbspacBNPHU  4a923.21 aQuintero Montiel, Inés Mercedes.10aAntonio José de Sucre :bbiografía política /cInés Quintero. aCaracas :bAcademia Nacional de la Historia,c1998. a286 p. ;c23 cm.1 aFuentes para la historia Republicana de Venezuela ;vno. 73 aIncluye referencias a pie de páginas aIncluye índice geográfico (p. 269-281). aIncluye bibliografía (p. [257] -267).10aSucre, Antonio José de, d1795-1830. 0aFuentes para la historia republicana de Venezuela ;nno. 73